000 00504nam a22001697a 4500
999 _c10106
_d10106
003 AR-CdUCM
008 190329b ||||| |||| 00| 0 spa d
040 _aMUNICIPALIDAD PROVINCIAL DEL CUSCO
_cBIBLIOTECA MUNICIPAL DEL CUSCO
082 _aEP / 808.8 /
_bP19
100 _aPalma, Ricardo
_9304
245 _aTradiciones peruanas :
_bselección 1 /
260 _aLima :
_bMercurio,
_c1988.
300 _a261 páginas ;
_c17 cm.
650 _aObras literarias.
_9403
942 _2ddc
_cLIBROS
945 _awfj